| 000 | 00867nam a2200241 a 4500 | ||
|---|---|---|---|
| 005 | 20191224041757.0 | ||
| 008 | 140318b2002 waud fr|||| 00| 0 eng d | ||
| 040 |
_aCO-BoIAVH _cCO-BoIAVH |
||
| 041 | 0 | _aeng | |
| 044 | _axxu | ||
| 082 | 0 | 4 |
_a333.9516 _bH63p |
| 245 | 0 | 0 |
_aHigh priorities : _bGEF's contribution to preserving and sustaining mountain ecosystems / _ceditado por Sheila Walsh |
| 260 |
_aWashington : _bGEF, _c2002. |
||
| 300 |
_a30 páginas : _btablas y gráficas ; _c28 x 22 centímetros |
||
| 500 | _aIncluye anexos. | ||
| 650 | 1 | 6 |
_aMontaña _xecosistema _xconservación |
| 650 | 2 | 6 |
_aBiodiversidad _xconservación |
| 650 | 2 | 6 |
_aRecursos biológicos _xconservación |
| 650 | 2 | 6 | _aConservación del paisaje |
| 700 | 1 |
_aWalsh, Sheila _eeditora |
|
| 710 | 2 | _aGlobal Environment Facility | |
| 942 |
_cLIBRO _2ddc |
||
| 999 |
_c5127 _d5127 |
||